Most Guessed African Capitals on Jetpunk - Statistics

General Stats
  • This quiz has been taken 58 times
  • The average score is 8 of 10
Answer Stats
% Guessed Capital % Correct
92% Cairo
100%
82% Nairobi
93%
80% Tunis
93%
76% Rabat
89%
78% Cape Town
85%
90% Algiers
81%
76% Tripoli
78%
78% Addis Ababa
74%
74% Pretoria
70%
78% Djibouti
44%
No matching quizzes found
Score Distribution
Percent of People with Each Score
Percentile by Number Answered
Your Score History
You have not taken this quiz